| 000 | 01061nam a22003017a 4500 | ||
|---|---|---|---|
| 001 | 7338 | ||
| 003 | FISKH | ||
| 005 | 20250710081824.0 | ||
| 008 | 250710b cb ||||| |||| 00| 0 eng d | ||
| 020 | _a9780440847717 | ||
| 040 |
_aFISKH _beng _cFISKH _dFISKH |
||
| 050 | _aPZ7.G2933 O | ||
| 082 | _a813.54 | ||
| 100 |
_aGeorge, Craighead Jean _d (1919–2012) |
||
| 245 |
_aOn the far side of the mountain : _bSequel to my side of the mountain / _cWritten and illustrated by Jean Craighead George |
||
| 250 | _aThis edition first published in 1992 | ||
| 260 |
_aNew York : _bA trumpet club, _c1990 |
||
| 300 |
_a170 pages : _billustrations ; _c18 cm |
||
| 505 | _aR | ||
| 520 | _aSam's peaceful existence in his wilderness home is disrupted when his sister runs away and his pet falcon is confiscated by a conservation officer. | ||
| 521 | 8 |
_a760
_bLexile |
|
| 521 | 8 |
_aR
_bRaz-Plus |
|
| 650 |
_2Survival _aWilderness |
||
| 650 |
_2Adventure _aNature |
||
| 700 |
_aGeorge, Craighead Jean _dillustrator |
||
| 942 |
_2ddc _cBK _n0 |
||
| 999 |
_c7338 _d7338 |
||